000 00522nam a2200181Ia 4500
008 151018s9999 xx 000 0 und d
082 _bRBASDV6425
_a891.463
100 _aशांता निसळ
245 _aराखण
250 _b1
260 _bकॉन्टिनेन्टल प्रका. पुणे
_c1966
300 _a237
600 _aशांता निसळ
630 _aराखण
700 _aशांता निसळ
730 _aराखण
942 _cBOOK
999 _c1008800
_d1008797